Football meilleurs buteurs en une saison en Bundesliga au 21eme siècle - Statistiques

Statistiques générales
  • Ce quiz a été pris 189 fois
  • Le résultat moyen est 8 sur 11
Statistiques - réponses
Saison Club Nombre de buts Joueur % Correct
20-21 Bayern Munich 41 Lewandowski
99%
21-22 Bayern Munich 35 Lewandowski
99%
19-20 Bayern Munich 34 Lewandowski
99%
15-16 Bayern Munich 30 Lewandowski
99%
16-17 Bayern Munich 30 Lewandowski
99%
17-18 Bayern Munich 29 Lewandowski
99%
23-24 Bayern Munich 32 Kane
87%
16-17 Borussia Dortmund 31 Aubameyang
61%
11-12 Schalke 04 29 Huntelaar
36%
20-21 Frankfurt 28 Silva
13%
08-09 Wolfsburg 28 Grafite
11%
Aucun quiz correspondant
Distribution des résultats
% des personnes avec chaque résultat
Percentile par nombre de réponses
Votre historique - résultats
Vous n’avez pas pris ce quiz